IFM Opac

A Handbook of Statistical Analyses Using SAS (Record no. 20693)

MARC details
000 -LEADER
fixed length control field 00546nam a22002057a 4500
003 - CONTROL NUMBER IDENTIFIER
control field OSt
005 - DATE AND TIME OF LATEST TRANSACTION
control field 20220812101421.0
008 - FIXED-LENGTH DATA ELEMENTS--GENERAL INFORMATION
fixed length control field 220812b |||||||| |||| 00| 0 eng d
020 ## - INTERNATIONAL STANDARD BOOK NUMBER
International Standard Book Number 9781584887843
040 ## - CATALOGING SOURCE
Transcribing agency IFM Library
082 ## - DEWEY DECIMAL CLASSIFICATION NUMBER
Classification number 519. 502855133
100 ## - MAIN ENTRY--PERSONAL NAME
Personal name Geoff, Der
9 (RLIN) 5492
245 ## - TITLE STATEMENT
Title A Handbook of Statistical Analyses Using SAS
250 ## - EDITION STATEMENT
Edition statement 3rd ed.
260 ## - PUBLICATION, DISTRIBUTION, ETC.
Place of publication, distribution, etc. USA
Name of publisher, distributor, etc. Chapman &Hall/ CRC
Date of publication, distribution, etc. 2009
300 ## - PHYSICAL DESCRIPTION
Extent xvi, 400p.;
Other physical details ill.; 24cm.
500 ## - GENERAL NOTE
General note Includes Index
700 ## - ADDED ENTRY--PERSONAL NAME
Personal name Brian, S. Everitt
9 (RLIN) 5493
942 ## - ADDED ENTRY ELEMENTS (KOHA)
Koha item type Books
Source of classification or shelving scheme Dewey Decimal Classification
Suppress in OPAC No
Holdings
Withdrawn status Lost status Source of classification or shelving scheme Damaged status Not for loan Collection code Home library Current library Shelving location Date acquired Source of acquisition Full call number Barcode Date last seen Price effective from Koha item type
    Dewey Decimal Classification     Non-fiction IFM Main Campus Library IFM Main Campus Library General Collection 08/12/2022 Purchases 519. 502855133 DER 0000022242 10/24/2019 02/19/2022 Books
    Dewey Decimal Classification     Non-fiction IFM Main Campus Library IFM Main Campus Library General Collection 08/12/2022 Purchases 519. 502855133 DER 0000022243 10/24/2019 02/19/2022 Books